LEADER 01397nam a2200265 4500 001 000000348324 003 CaOOAMICUS 005 20230731110751.0 008 211103s2019 fr 000 u fre r 040 $aSeMil$bita 100 1 $aMvogo, Joseph Désiré.$0(OLS)http://semarc/name/114935 245 10$aDe la génération à la promotion de la vie :$bessai d'analyse et de compréhension pour un projet d'éthique de la vie en Afrique /$cAutore: Joseph Désiré Mvogo. 264 1$aMilano :$b[s.n.],$c2019. 300 $a166 p. ;$c24 cm 500 $aIn mezzo al front.: Estratto della Dissertazione dottorale in Teologia n. 86 nella Facoltà Teologica dell'Italia Settentrionale ; Thèse de Doctorat en Théologie Morale 541 0 $aOmaggio mons. Mario Delpini 650 4$aAfrica - Vita sociale.$0(OLS)http://semarc/subject/28705 710 2 $aFacoltà Teologica dell'Italia Settentrionale .$0(OLS)http://semarc/name/72 850 $aSeMil 852 $aSeMil$W1$xVenegono$y1$m2E V 10$j242504$B239378$CSeMilBibl$Z2$F239378 $81 941 1 $a7 961 $aOmaggio mons. Mario Delpini 996 $6245$aDe la génération à la promotion de la vie :$bessai d'analyse et de compréhension pour un projet d'éthique de la vie en Afrique$9(OLS)http://semarc/title/437718 996 $6264$aMilano :$b[s.n.]$9(OLS)http://semarc/publisher/29709 LEADER 02201nam a2200313 i 4500 001 000000043395 003 CaOOAMICUS 005 20210524142155.0 008 140626s1700 it u000 u ita u 013 $a14565 026 $ao-ca c.di e.ce DoVi (3) 1700 (R) 040 $aSeMil$bita 100 1 $aMattei, Loreto,$d<1622-1705>.$0(OLS)http://semarc/name/21547 245 10$aSalmista toscano parafrasi lirica de' Salmi di David in fine à ciascun de' quali si aggiungono li Gloria-Patri egregiamente parafrasati, tutti diversi l'uno dall'altro ... Aggiungesi in oltre la Parafrasi delli Cantici biblici, degli Evangelici, di quello de ss. Ambrogio, ed Agostino, e del Simbolo di sant'Atanasio ... Ed anco la Parafrasi delle parti principali della dottrina christiana. Opera nuova, e molto ammirabile .. 264 1$aIn Trevigi :$bPer Gasparo Pianta, e Compagno,$c1700. 300 $a[36], 790 [i. e. 792] p. ;$c12°. 500 $aNome dell'A. dall'occhietto 500 $aIniz. xilogr. 500 $aP. 647-648 ripetute nella numerazione 500 $aSegn.: *12 2*6 A-2K12 501 $aLe parti principali della dottrina christiana parfrasi 501 $aLi Cantici biblici, ed evangelici; il Cantico de' santi Ambrogio, ed Agostino, il Simbolo di sant'Athanasio, e le parti principali della dottrina christiana. Parafrasi toscane del signor Loreto Matte 700 1 $aPianta, Gaspare,$c.$0(OLS)http://semarc/name/21548 850 $aSeMil 852 $aSeMil$W1$xVenegono$y1$m2W I 65 FA$j9550$B9550$CSeMilBibl$Z2$F9550 $8I 961 $aOmaggio: Donazione 996 $6245$aSalmista toscano parafrasi lirica de' Salmi di David in fine à ciascun de' quali si aggiungono li Gloria-Patri egregiamente parafrasati, tutti diversi l'uno dall'altro ... Aggiungesi in oltre la Parafrasi delli Cantici biblici, degli Evangelici, di quello de ss. Ambrogio, ed Agostino, e del Simbolo di sant'Atanasio ... Ed anco la Parafrasi delle parti principali della dottrina christiana. Opera nuova, e molto ammirabile ..$9(OLS)http://semarc/title/63741 996 $6264$aIn Trevigi :$bPer Gasparo Pianta, e Compagno$9(OLS)http://semarc/publisher/40438